[Event "CAN-ch International"]
[Site "Longueuil"]
[Date "2019.10.12"]
[Round "2"]
[White "Gomez Garrido, Camilo Ernesto"]
[Black "Masse, Hugues"]
[Result "1-0"]
[WhiteElo "2497"]
[BlackElo "2319"]
[PlyCount "65"]
[EventDate "2019.10.11"]
[EventType "swiss"]
[EventRounds "5"]
[EventCountry "CAN"]
[SourceTitle "CBM 192 Extra"]
[Source "Chessbase"]
[SourceDate "2019.11.06"]
[SourceVersion "1"]
[SourceVersionDate "2019.11.06"]
[SourceQuality "1"]

1. e4 e5 2. Nf3 Nf6 3. Nxe5 d6 4. Nf3 Nxe4 5. Nc3 Nf6 6. d4 Be7 7. h3 0-0 8. Bd3 b6 9. d5 Re8 10. 0-0 Bb7 11. Nd4 g6 12. Bb5 Nfd7 13. a4 a6 14. Bc4 Nf6 15. Be3 Nbd7 16. Qd2 Nc5 17. Nc6 Nfe4 18. Nxe4 Nxe4 19. Qd3 Bxc6 20. dxc6 Bf6 21. c3 a5 22. Rfe1 Nc5 23. Qd5 Re7 24. Qf3 Bg7 25. Bg5 Rxe1+ 26. Rxe1 Qf8 27. Re7 Ne6 28. Bxe6 fxe6 29. Qxf8+ Bxf8 30. Rxc7 d5 31. Rd7 Rc8 32. c7 e5 33. Be3 1-0

[Event "Montreal op"]
[Site "Montreal"]
[Date "2019.09.08"]
[Round "4"]
[White "Masse, Hugues"]
[Black "Zhong, Kevin"]
[Result "1/2-1/2"]
[WhiteElo "2200"]
[BlackElo "2112"]
[PlyCount "137"]
[EventDate "2019.09.06"]
[EventType "swiss"]
[EventRounds "5"]
[EventCountry "CAN"]
[SourceTitle "EXT 2020"]
[Source "ChessBase"]
[SourceDate "2019.10.17"]
[SourceVersion "1"]
[SourceVersionDate "2019.10.17"]
[SourceQuality "1"]

1. e4 c5 2. Nf3 Nc6 3. d4 cxd4 4. Nxd4 Nf6 5. Nc3 d6 6. Bg5 e6 7. Qd2 a6 8. 0-0-0 h6 9. Be3 Bd7 10. f3 b5 11. Nxc6 Bxc6 12. Ne2 Bb7 13. Nd4 Qc7 14. Kb1 Be7 15. g4 Nd7 16. h4 Ne5 17. Be2 0-0-0 18. b3 d5 19. f4 Nd7 20. e5 Nc5 21. Bd3 Ne4 22. Bxe4 dxe4 23. Qc1 Rd7 24. h5 Rhd8 25. Ne2 Bd5 26. Qb2 Bc5 27. Bxc5 Qxc5 28. Qd4 Qxd4 29. Rxd4 e3 30. Re1 Bf3 31. Rxd7 Rxd7 32. Ng3 Rd1+ 33. Rxd1 Bxd1 34. Kc1 Bxg4 35. c3 Kd7 36. Kc2 e2 37. Kd2 Kc6 38. Nxe2 Bxh5 39. Nd4+ Kd5 40. Ke3 g5 41. Nc2 a5 42. b4 axb4 43. cxb4 Kc4 44. fxg5 hxg5 45. a3 Kb3 46. Nd4+ Kxa3 47. Nxb5+ Kxb4 48. Nd6 Kc5 49. Ne4+ Kd5 50. Nf6+ Kxe5 51. Nxh5 f5 52. Kf3 Kd6 53. Ke3 Ke7 54. Kd4 Kf7 55. Ke5 Kg6 56. Ng3 f4 57. Ne2 f3 58. Ng3 f2 59. Ke4 Kf6 60. Kf3 Ke5 61. Kxf2 Kf4 62. Nh5+ Kg4 63. Nf6+ Kf5 64. Nd7 Kf4 65. Nc5 e5 66. Nd3+ Kf5 67. Nxe5 Kxe5 68. Kg3 Kf5 69. Kf3 1/2-1/2

[Event "Montreal op"]
[Site "Montreal"]
[Date "2019.09.07"]
[Round "3"]
[White "Dukic, Zachary"]
[Black "Masse, Hugues"]
[Result "1-0"]
[WhiteElo "2224"]
[BlackElo "2200"]
[PlyCount "145"]
[EventDate "2019.09.06"]
[EventType "swiss"]
[EventRounds "5"]
[EventCountry "CAN"]
[SourceTitle "EXT 2020"]
[Source "ChessBase"]
[SourceDate "2019.10.17"]
[SourceVersion "1"]
[SourceVersionDate "2019.10.17"]
[SourceQuality "1"]

1. e4 e5 2. Nf3 Nf6 3. Nxe5 d6 4. Nf3 Nxe4 5. Nc3 Nf6 6. d4 Be7 7. Bd3 0-0 8. 0-0 Re8 9. Ne2 Nbd7 10. Ng3 g6 11. Bg5 b6 12. Qd2 Bb7 13. Qf4 Nf8 14. Bc4 Nd5 15. Qd2 Ne6 16. Bxe7 Qxe7 17. Rfe1 Qf6 18. Bb5 c6 19. Bf1 Qf4 20. Qxf4 Ndxf4 21. Ne4 Red8 22. g3 Nh5 23. Neg5 Bc8 24. d5 cxd5 25. Bb5 Nxg5 26. Nxg5 Bd7 27. Ba6 h6 28. Nf3 Nf6 29. Nd4 Kf8 30. a4 Re8 31. Rxe8+ Rxe8 32. Bb5 a5 33. Bxd7 Nxd7 34. Kf1 Nf6 35. Nb5 Ke7 36. Ra3 Rc8 37. Re3+ Kf8 38. c3 Rc6 39. f3 Ne8 40. Rd3 Nf6 41. Ke2 Ke7 42. Kd2 Kd7 43. Rd4 g5 44. Kd3 Rc8 45. g4 Ke6 46. b3 Nd7 47. Kc2 Ne5 48. f4 gxf4 49. Rxf4 Nc6 50. Kd2 f6 51. Rf5 Ne5 52. h3 Ke7 53. Rh5 Rh8 54. Nc7 d4 55. cxd4 Nf3+ 56. Ke3 Ng5 57. h4 Nf7 58. Nd5+ Ke6 59. Nxb6 Rb8 60. Rb5 d5 61. Nxd5 Rc8 62. Nf4+ Ke7 63. Rb7+ Ke8 64. Nd5 Rc6 65. Rb6 Rc1 66. Nxf6+ Ke7 67. Nd5+ Kd7 68. Rb7+ Ke6 69. Nf4+ Kf6 70. Nd3 Rg1 71. d5 Rg3+ 72. Kd2 Rxg4 73. Rxf7+ 1-0

[Event "Quebec op"]
[Site "Longueuil"]
[Date "2019.07.27"]
[Round "9"]
[White "Masse, Hugues"]
[Black "Perez Rodriguez, Luis Manuel"]
[Result "1/2-1/2"]
[WhiteElo "2168"]
[BlackElo "2348"]
[PlyCount "48"]
[EventDate "2019.07.20"]
[EventType "swiss"]
[EventRounds "9"]
[EventCountry "CAN"]
[SourceTitle "CBM 191 Extra"]
[Source "ChessBase"]
[SourceDate "2019.09.30"]
[SourceVersion "1"]
[SourceVersionDate "2019.09.30"]
[SourceQuality "1"]

1. e4 e5 2. Nf3 Nc6 3. Bb5 a6 4. Ba4 Nf6 5. 0-0 b5 6. Bb3 Be7 7. Re1 0-0 8. h3 Bb7 9. d3 d5 10. exd5 Nxd5 11. a4 Nd4 12. Nbd2 f6 13. Nxd4 exd4 14. Nf3 c5 15. axb5 axb5 16. Rxa8 Bxa8 17. c3 dxc3 18. bxc3 Kh8 19. Bd2 Bd6 20. c4 bxc4 21. Bxc4 Re8 22. Rxe8+ Qxe8 23. Qe1 Qxe1+ 24. Nxe1 Kg8 1/2-1/2

[Event "Quebec op"]
[Site "Longueuil"]
[Date "2019.07.25"]
[Round "7"]
[White "Masse, Hugues"]
[Black "Ouellet, Maili Jade"]
[Result "0-1"]
[WhiteElo "2168"]
[BlackElo "2079"]
[PlyCount "164"]
[EventDate "2019.07.20"]
[EventType "swiss"]
[EventRounds "9"]
[EventCountry "CAN"]
[SourceTitle "CBM 191 Extra"]
[Source "ChessBase"]
[SourceDate "2019.09.30"]
[SourceVersion "1"]
[SourceVersionDate "2019.09.30"]
[SourceQuality "1"]

1. e4 c5 2. Nf3 d6 3. d4 cxd4 4. Nxd4 Nf6 5. Nc3 a6 6. Qe2 e5 7. Nf5 Nc6 8. Bg5 Bxf5 9. exf5 Be7 10. 0-0-0 0-0 11. Bxf6 Bxf6 12. Nd5 Rc8 13. c3 b5 14. Kb1 Re8 15. Qe4 Na5 16. b3 Nc6 17. Kb2 Nb8 18. Bd3 Nd7 19. b4 Nb6 20. Nxb6 Qxb6 21. Be2 Rc6 22. Rc1 Rec8 23. Rc2 Qc7 24. Rhc1 Bg5 25. c4 Bxc1+ 26. Kxc1 bxc4 27. f6 d5 28. Qxd5 Rxf6 29. Rxc4 Qb8 30. Bf3 g6 31. Kb2 Rxc4 32. Qxc4 Qb6 33. Qc5 e4 34. Bxe4 Rxf2+ 35. Kb3 Qe6+ 36. Bd5 Qe2 37. Qc8+ Kg7 38. Qc3+ Rf6 39. Ka3 h5 40. Bf3 Qe7 41. Qc5 Qd8 42. Qe5 Kg8 43. Be4 Re6 44. Qd5 Qe8 45. Bc2 Re5 46. Qd6 a5 47. bxa5 Rxa5+ 48. Kb2 Rg5 49. g3 Qe5+ 50. Qxe5 Rxe5 51. a4 Kf8 52. Kc3 Ke7 53. Kd2 Kd6 54. Bb3 Rf5 55. Ke3 Kc5 56. Bc2 Rf6 57. Bd3 Kb6 58. h4 Kc5 59. a5 Re6+ 60. Kf3 Kd4 61. Be2 Re3+ 62. Kf2 Ra3 63. a6 f5 64. Bb5 Ke5 65. Be2 f4 66. gxf4+ Kxf4 67. Kg2 Ra2 68. Kf2 Ke4 69. Kf1 Ke3 70. Bc4 Ra4 71. Bb5 Ra5 72. Bc4 Kf3 73. Be2+ Kg3 74. Bd3 Kxh4 75. Bxg6 Rxa6 76. Bd3 Ra2 77. Bc4 Rb2 78. Bf7 Kg4 79. Kg1 h4 80. Be6+ Kg3 81. Bf5 h3 82. Be4 Re2 0-1

[Event "Canada zt"]
[Site "Kingston"]
[Date "2019.04.22"]
[Round "8"]
[White "Masse, Hugues"]
[Black "Tanaka, Taira Tyler"]
[Result "1-0"]
[WhiteElo "2163"]
[BlackElo "2067"]
[PlyCount "73"]
[EventDate "2019.04.18"]
[EventType "swiss"]
[EventRounds "9"]
[EventCountry "CAN"]
[SourceTitle "CBM 190 Extra"]
[Source "ChessBase"]
[SourceDate "2019.07.15"]
[SourceVersion "1"]
[SourceVersionDate "2019.07.15"]
[SourceQuality "1"]

1. e4 c5 2. Nf3 d6 3. d4 Nf6 4. Nc3 cxd4 5. Nxd4 g6 6. Be3 Bg7 7. f3 Nc6 8. Qd2 0-0 9. 0-0-0 Nxd4 10. Bxd4 Qa5 11. Kb1 Rd8 12. h4 Be6 13. h5 Nxh5 14. Bxg7 Kxg7 15. g4 Nf6 16. Qh6+ Kg8 17. Nd5 Bxd5 18. exd5 e5 19. dxe6 fxe6 20. g5 Nh5 21. Rxh5 gxh5 22. Qxe6+ Kf8 23. Bc4 d5 24. Rxd5 Rxd5 25. Bxd5 Qc7 26. Qg8+ Ke7 27. Qxa8 Kd6 28. Bxb7 Qe7 29. Qb8+ Ke6 30. Qc8+ Ke5 31. Be4 Kf4 32. Qf5+ Kg3 33. Qxh7 Qc5 34. a3 Qxg5 35. Qg6 Qxg6 36. Bxg6 h4 37. Bf5 1-0

[Event "Canada zt"]
[Site "Kingston"]
[Date "2019.04.19"]
[Round "3"]
[White "Huang, Qiuyu"]
[Black "Masse, Hugues"]
[Result "0-1"]
[WhiteElo "2145"]
[BlackElo "2163"]
[PlyCount "84"]
[EventDate "2019.04.18"]
[EventType "swiss"]
[EventRounds "9"]
[EventCountry "CAN"]
[SourceTitle "CBM 190 Extra"]
[Source "ChessBase"]
[SourceDate "2019.07.15"]
[SourceVersion "1"]
[SourceVersionDate "2019.07.15"]
[SourceQuality "1"]

1. e4 e5 2. Nf3 Nf6 3. d4 Nxe4 4. Bd3 Nc6 5. Bxe4 d5 6. Bd3 e4 7. Bb5 exf3 8. Qxf3 Qe7+ 9. Qe3 Qxe3+ 10. Bxe3 Bd7 11. Nc3 Ne7 12. Bf4 0-0-0 13. Kd2 c6 14. Bd3 Bf5 15. a4 Bxd3 16. Kxd3 Ng6 17. Be3 Bb4 18. a5 Bxc3 19. bxc3 Ne7 20. Rab1 Nf5 21. Bf4 f6 22. h3 Rhe8 23. Rb4 Re7 24. Rhb1 g5 25. Bh2 Nh4 26. g4 Nf3 27. Bg3 Ne1+ 28. Kd2 Rde8 29. a6 Re2+ 30. Kd1 b5 31. Be5 Rxf2 32. Kxe1 Rh2 33. Kf1 fxe5 34. Kg1 Rxc2 35. Rf1 Kd7 36. Rbb1 Rxc3 37. Rf5 exd4 38. Rxg5 Rxh3 39. Rf1 Rg3+ 40. Kh2 Rge3 41. Rf7+ R8e7 42. Rf8 Ra3 0-1

[Event "Montreal Choc des Generations"]
[Site "Montreal"]
[Date "2019.03.30"]
[Round "2.4"]
[White "Ouellet, Maili Jade"]
[Black "Masse, Hugues"]
[Result "0-1"]
[WhiteElo "2086"]
[BlackElo "2162"]
[PlyCount "100"]
[EventDate "2019.03.29"]
[EventType "swiss"]
[EventRounds "5"]
[EventCountry "CAN"]
[SourceTitle "EXT 2022"]
[Source "ChessBase"]
[SourceDate "2021.10.06"]
[SourceVersion "1"]
[SourceVersionDate "2021.10.06"]
[SourceQuality "1"]

1. d4 Nf6 2. c4 e6 3. Nf3 b6 4. g3 Ba6 5. b3 Bb7 6. Bg2 Bb4+ 7. Bd2 c5 8. Bxb4 cxb4 9. 0-0 0-0 10. Nbd2 d6 11. Re1 Qc7 12. e4 e5 13. Qc2 a5 14. Rad1 Nbd7 15. Nh4 g6 16. Qb2 Rfe8 17. Nf1 Nf8 18. d5 N8d7 19. Qd2 Nc5 20. Qg5 Qd8 21. f4 exf4 22. Qxf4 Re5 23. Nf3 Rxe4 24. Qd2 Qd7 25. Nd4 Rxe1 26. Rxe1 Re8 27. Rxe8+ Qxe8 28. Qf4 Qe5 29. Nb5 Qxf4 30. gxf4 Ne8 31. Nd2 Bc8 32. Ne4 Nxe4 33. Bxe4 Bd7 34. Nd4 Nf6 35. Bc2 Nh5 36. f5 Kg7 37. Kf2 g5 38. Nc6 Kf6 39. Nd8 Ng7 40. Nb7 Ne8 41. Nd8 Ke7 42. Nc6+ Kf6 43. Nd8 Ng7 44. Nb7 Bxf5 45. Bxf5 Nxf5 46. Kf3 h5 47. Ke4 h4 48. Nd8 g4 49. Nc6 h3 50. Kf4 g3 0-1

[Event "Quebec-ch"]
[Site "Montreal"]
[Date "2019.03.23"]
[Round "2.1"]
[White "Sambuev, Bator"]
[Black "Masse, Hugues"]
[Result "1-0"]
[WhiteElo "2489"]
[BlackElo "2163"]
[PlyCount "65"]
[EventDate "2019.01.21"]
[EventType "k.o."]
[EventRounds "4"]
[EventCountry "CAN"]
[SourceTitle "CBM 189 Extra"]
[Source "ChessBase"]
[SourceDate "2019.06.03"]
[SourceVersion "1"]
[SourceVersionDate "2019.06.03"]
[SourceQuality "1"]

1. Nf3 Nf6 2. c4 c5 3. Nc3 Nc6 4. e3 e6 5. d4 d5 6. cxd5 exd5 7. Bb5 Bd6 8. dxc5 Bxc5 9. 0-0 0-0 10. b3 Bg4 11. Be2 Re8 12. Bb2 Rc8 13. Rc1 Bf8 14. Nb5 Ne4 15. Nbd4 Bd6 16. h3 Bxf3 17. Nxf3 Bb8 18. Qd3 Qd6 19. Rfd1 Rcd8 20. Kf1 a6 21. a3 Re6 22. b4 Rg6 23. b5 axb5 24. Qxb5 Ba7 25. Bc4 Qe7 26. Rxd5 Rxd5 27. Bxd5 Nxf2 28. Bxc6 Nh1 29. Be4 Ng3+ 30. Ke1 h6 31. Rc8+ Kh7 32. Qe5 Qd7 33. Qxg7# 1-0

[Event "Montreal Ligue elite du dimanche S9"]
[Site "Montreal"]
[Date "2018.12.09"]
[Round "5"]
[White "Beaulieu, Eric"]
[Black "Masse, Hugues"]
[Result "1-0"]
[WhiteElo "2255"]
[BlackElo "2268"]
[PlyCount "89"]
[EventDate "2018.09.23"]
[EventType "swiss"]
[EventRounds "5"]
[EventCountry "CAN"]
[SourceTitle "EXT 2022"]
[Source "ChessBase"]
[SourceDate "2021.10.06"]
[SourceVersion "1"]
[SourceVersionDate "2021.10.06"]
[SourceQuality "1"]
[WhiteTeam "KingKongFou"]
[BlackTeam "FunkyChess"]
[WhiteTeamCountry "CAN"]
[BlackTeamCountry "CAN"]

1. d4 Nf6 2. c4 e6 3. Nf3 b6 4. a3 Ba6 5. Qc2 Bb7 6. Nc3 c5 7. dxc5 Bxc5 8. Bg5 h6 9. Bh4 Bxf3 10. gxf3 Nc6 11. e3 Ne5 12. Be2 Be7 13. Bg3 Ng6 14. f4 h5 15. f5 exf5 16. Qxf5 h4 17. Bf4 Rc8 18. b4 a5 19. Rb1 axb4 20. axb4 Nxf4 21. exf4 Qc7 22. Rg1 Kf8 23. Nb5 Qb7 24. Nc3 Qc6 25. Qd3 Qd6 26. Qe3 Qe6 27. Rg5 g6 28. Re5 Qd6 29. Nb5 Qc6 30. Rxe7 Qh1+ 31. Bf1 Ng4 32. Qe4 Qxh2 33. Rb2 Nf6 34. Qe5 Rc6 35. Nd6 Rxd6 36. Qxd6 Kg7 37. c5 bxc5 38. Bc4 Qg1+ 39. Ke2 Rf8 40. Qd3 d5 41. Bxd5 h3 42. Rb1 h2 43. Bf3 Ng4 44. Qc3+ Kg8 45. Qe1 1-0

[Event "Montreal Ligue elite du dimanche S9"]
[Site "Montreal"]
[Date "2018.10.21"]
[Round "3"]
[White "Masse, Hugues"]
[Black "Rodrigue Lemieux, Shawn"]
[Result "0-1"]
[WhiteElo "2268"]
[BlackElo "2314"]
[PlyCount "114"]
[EventDate "2018.09.23"]
[EventType "swiss"]
[EventRounds "5"]
[EventCountry "CAN"]
[SourceTitle "EXT 2022"]
[Source "ChessBase"]
[SourceDate "2021.10.06"]
[SourceVersion "1"]
[SourceVersionDate "2021.10.06"]
[SourceQuality "1"]
[WhiteTeam "FunkyChess"]
[BlackTeam "Shredders"]
[WhiteTeamCountry "CAN"]
[BlackTeamCountry "CAN"]

1. e4 c5 2. Nf3 d6 3. d4 cxd4 4. Nxd4 Nf6 5. Nc3 Nc6 6. Bg5 e6 7. Qd2 a6 8. 0-0-0 Bd7 9. f3 Rc8 10. Nxc6 Bxc6 11. Ne2 Be7 12. Nd4 0-0 13. Be3 d5 14. e5 Nd7 15. f4 Nc5 16. Kb1 Ne4 17. Qe1 Qc7 18. Bd3 Ba4 19. Bxe4 dxe4 20. b3 Bd7 21. Bc1 Bc6 22. Bb2 b5 23. Nxc6 Qxc6 24. Qe2 a5 25. g4 a4 26. f5 a3 27. Bd4 Bc5 28. c4 e3 29. Qxe3 Bxd4 30. Qxd4 bxc4 31. bxc4 Qb7+ 32. Ka1 Rxc4 33. Qd2 Rxg4 34. f6 Rg2 35. Qd4 h6 36. Rb1 Qf3 37. Rhg1 g6 38. Rxg2 Qxg2 39. h4 h5 40. Qd6 Ra8 41. Qc7 Qd5 42. Qc3 Kh7 43. Re1 Ra4 44. Rc1 Qe4 45. Qc7 Qd4+ 46. Rc3 Qg1+ 47. Rc1 Qd4+ 48. Rc3 Ra7 49. Qc5 Qxh4 50. Rc1 Qf4 51. Re1 Ra5 52. Qc3 h4 53. Kb1 Ra4 54. Rd1 Qb4+ 55. Kc2 Qe4+ 56. Kb3 Ra8 57. Rd4 Qb1+ 0-1

[Event "Montreal Ligue elite du dimanche S9"]
[Site "Montreal"]
[Date "2018.10.14"]
[Round "2"]
[White "Chiku Ratte, Olivier Kenta"]
[Black "Masse, Hugues"]
[Result "0-1"]
[WhiteElo "2398"]
[BlackElo "2268"]
[PlyCount "148"]
[EventDate "2018.09.23"]
[EventType "swiss"]
[EventRounds "5"]
[EventCountry "CAN"]
[SourceTitle "EXT 2022"]
[Source "ChessBase"]
[SourceDate "2021.10.06"]
[SourceVersion "1"]
[SourceVersionDate "2021.10.06"]
[SourceQuality "1"]
[WhiteTeam "Chess Homies"]
[BlackTeam "FunkyChess"]
[WhiteTeamCountry "CAN"]
[BlackTeamCountry "CAN"]

1. d4 Nf6 2. Nc3 d5 3. Bf4 e6 4. Nb5 Na6 5. a3 c6 6. Nc3 Bd6 7. e3 Nc7 8. Bd3 b6 9. Nf3 Bxf4 10. exf4 Ba6 11. Bxa6 Nxa6 12. Ne5 Qd6 13. Qd3 Nc7 14. 0-0 0-0 15. Ne2 c5 16. c3 Nd7 17. Qe3 Nxe5 18. fxe5 Qe7 19. Rae1 c4 20. f4 f5 21. exf6 Qxf6 22. Ng3 g6 23. Qf3 Rae8 24. Re5 Nb5 25. f5 gxf5 26. Nxf5 Kh8 27. Qh5 Qg6 28. Qxg6 hxg6 29. Nh4 Rxf1+ 30. Kxf1 Kg7 31. Nf3 Nd6 32. Ng5 Kf6 33. Ke2 Nf7 34. Nxf7 Kxf7 35. Kf3 Rh8 36. h3 Kf6 37. Kg4 b5 38. h4 Rh7 39. Kh3 a5 40. g4 Rb7 41. g5+ Kf7 42. h5 gxh5 43. Kh4 b4 44. axb4 axb4 45. Kxh5 bxc3 46. bxc3 Rb1 47. Re3 Rh1+ 48. Kg4 Rg1+ 49. Kf4 Rf1+ 50. Rf3 Re1 51. Kg4+ Kg7 52. Rf2 Re3 53. Ra2 Rxc3 54. Kf4 Rd3 55. Ke5 Re3+ 56. Kd6 Kg6 57. Rg2 Re4 58. Kc5 Re3 59. Rg1 c3 60. Rg2 Rd3 61. Re2 Kxg5 62. Kd6 Rxd4 63. Rc2 Rd3 64. Ke5 Re3+ 65. Kd4 Re4+ 66. Kd3 Rc4 67. Ke3 Kf5 68. Kd3 Ke5 69. Ke3 Kd6 70. Kd3 e5 71. Ke3 Rh4 72. Rc1 d4+ 73. Ke2 Kd5 74. Kd3 Rh2 0-1

[Event "Montreal Varennes op"]
[Site "Montreal"]
[Date "2018.10.05"]
[Round "1"]
[White "Qiao, Cindy"]
[Black "Masse, Hugues"]
[Result "0-1"]
[WhiteElo "1822"]
[BlackElo "2167"]
[PlyCount "78"]
[EventDate "2018.10.05"]
[EventType "swiss"]
[EventRounds "5"]
[EventCountry "CAN"]
[SourceTitle "CBM 187 Extra"]
[Source "ChessBase"]
[SourceDate "2018.11.04"]
[SourceVersion "1"]
[SourceVersionDate "2018.11.04"]
[SourceQuality "1"]

1. e4 e5 2. Nf3 Nc6 3. Bc4 Bc5 4. c3 Nf6 5. d3 d6 6. Nbd2 0-0 7. 0-0 a5 8. Re1 Be6 9. Bb3 Re8 10. Nc4 b5 11. Ne3 a4 12. Bc2 Bd7 13. h3 Ba7 14. a3 Ne7 15. Nh4 Ng6 16. Nhf5 Nf4 17. Ng4 Bxf5 18. exf5 N6h5 19. Qf3 c5 20. Kh2 Qh4 21. Rh1 Nf6 22. Nxf6+ Qxf6 23. Bxf4 exf4 24. g4 fxg3+ 25. fxg3 d5 26. Rae1 Re5 27. Rxe5 Qxe5 28. Rf1 Re8 29. Bd1 Bb8 30. Rf2 Qe1 31. Rf1 Bxg3+ 32. Kh1 Qe5 33. c4 dxc4 34. dxc4 h5 35. cxb5 h4 36. Qg2 Qd4 37. b6 Rd8 38. b7 Qxd1 39. b8Q Bxb8 0-1

[Event "Trois-Rivieres op"]
[Site "Trois Rivieres"]
[Date "2018.03.17"]
[Round "2.2"]
[White "Masse, Hugues"]
[Black "Sambuev, Bator"]
[Result "0-1"]
[WhiteElo "2223"]
[BlackElo "2518"]
[PlyCount "62"]
[EventDate "2018.03.16"]
[EventType "swiss"]
[EventRounds "5"]
[EventCountry "CAN"]
[SourceTitle "EXT 2022"]
[Source "ChessBase"]
[SourceDate "2021.10.06"]
[SourceVersion "1"]
[SourceVersionDate "2021.10.06"]
[SourceQuality "1"]

1. c4 e5 2. g3 Nc6 3. Bg2 g6 4. Nc3 Bg7 5. e4 d6 6. Nge2 h5 7. h4 Bg4 8. f3 Be6 9. d3 f5 10. Bg5 Nf6 11. Nd5 0-0 12. Qd2 Ne7 13. d4 fxe4 14. fxe4 Nfxd5 15. cxd5 Bg4 16. dxe5 dxe5 17. Rf1 Qd6 18. 0-0-0 c6 19. dxc6 Qxd2+ 20. Rxd2 Nxc6 21. Nc3 Rxf1+ 22. Bxf1 Rf8 23. Bc4+ Kh7 24. Nd5 Nd4 25. Ne3 Bh6 26. Bxh6 Kxh6 27. Nc2 Rc8 28. Bd5 b6 29. Kb1 Ne2 30. Rd3 Rf8 31. a3 Rf1+ 0-1

[Event "Trois-Rivieres op"]
[Site "Trois Rivieres"]
[Date "2018.03.16"]
[Round "1.15"]
[White "Wilkin, Alain"]
[Black "Masse, Hugues"]
[Result "0-1"]
[WhiteElo "1903"]
[BlackElo "2223"]
[PlyCount "118"]
[EventDate "2018.03.16"]
[EventType "swiss"]
[EventRounds "5"]
[EventCountry "CAN"]
[SourceTitle "EXT 2022"]
[Source "ChessBase"]
[SourceDate "2021.10.06"]
[SourceVersion "1"]
[SourceVersionDate "2021.10.06"]
[SourceQuality "1"]

1. c4 e5 2. Nc3 Nf6 3. g3 d5 4. cxd5 Nxd5 5. Bg2 Nb6 6. Nf3 Nc6 7. d3 Be7 8. a3 0-0 9. 0-0 Be6 10. Be3 f5 11. b4 Bf6 12. Rc1 Nd4 13. Bxd4 exd4 14. Na4 Nxa4 15. Qxa4 a6 16. Qc2 c6 17. Nd2 Bg5 18. Rb1 Bd5 19. Bxd5+ Qxd5 20. Nf3 Bf6 21. Qb3 Rad8 22. Qxd5+ Rxd5 23. Rfc1 g5 24. Rc5 Rfd8 25. Rxd5 Rxd5 26. Nd2 Bd8 27. Nb3 Bb6 28. Kf1 Kf7 29. Nd2 Ke6 30. Nc4 Bd8 31. Ke1 b5 32. Nd2 a5 33. Nb3 axb4 34. axb4 Be7 35. Na5 Kd7 36. Kd1 f4 37. Kc2 fxg3 38. hxg3 Re5 39. Kd1 h5 40. Rc1 Re6 41. Nb3 Bxb4 42. Nxd4 Rf6 43. f4 gxf4 44. gxf4 Rxf4 45. Nf3 Rf5 46. Ra1 Bc5 47. Ra8 Rf8 48. Ra6 Kc7 49. Kc2 Rh8 50. Ra1 h4 51. Rh1 h3 52. Ng5 h2 53. d4 Bd6 54. e4 Bg3 55. Kd3 Rg8 56. Nf3 Rf8 57. Ke2 b4 58. Ng5 Rf2+ 59. Kd3 b3 0-1

[Event "Montreal Hivernale"]
[Site "Montreal"]
[Date "2018.01.04"]
[Round "4"]
[White "Yu, Zong Yang"]
[Black "Masse, Hugues"]
[Result "1-0"]
[WhiteElo "2392"]
[BlackElo "2129"]
[PlyCount "73"]
[EventDate "2018.01.02"]
[EventType "tourn"]
[EventRounds "7"]
[EventCountry "CAN"]
[EventCategory "1"]
[SourceTitle "CBM 182 Extra"]
[Source "ChessBase"]
[SourceDate "2018.02.23"]
[SourceVersion "1"]
[SourceVersionDate "2018.02.23"]
[SourceQuality "1"]

1. d4 Nf6 2. c4 e6 3. Nf3 b6 4. a3 Ba6 5. Qb3 Be7 6. Nc3 c5 7. d5 exd5 8. cxd5 0-0 9. g3 d6 10. Bg2 Re8 11. 0-0 Bf8 12. Re1 Nbd7 13. Bf4 Ne4 14. Qc2 Nxc3 15. bxc3 Bc8 16. a4 f6 17. c4 Ne5 18. a5 Bd7 19. Reb1 Rb8 20. axb6 axb6 21. Ra7 b5 22. cxb5 Rxb5 23. Bxe5 dxe5 24. Nd2 Bd6 25. Be4 h6 26. Bf5 Bxf5 27. Qxf5 Rxb1+ 28. Qxb1 Re7 29. Ra6 Rd7 30. Qa2 Kh7 31. Nc4 Be7 32. Ne3 Bf8 33. h4 h5 34. Ra8 Qe7 35. Qa4 g6 36. Rxf8 Ra7 37. Qe8 1-0

[Event "Montreal Hivernale"]
[Site "Montreal"]
[Date "2018.01.03"]
[Round "2"]
[White "Sai, Krishna GV"]
[Black "Masse, Hugues"]
[Result "1-0"]
[WhiteElo "2370"]
[BlackElo "2129"]
[PlyCount "85"]
[EventDate "2018.01.02"]
[EventType "tourn"]
[EventRounds "7"]
[EventCountry "CAN"]
[EventCategory "1"]
[SourceTitle "CBM 182 Extra"]
[Source "ChessBase"]
[SourceDate "2018.02.23"]
[SourceVersion "1"]
[SourceVersionDate "2018.02.23"]
[SourceQuality "1"]

1. e4 e5 2. Nf3 Nc6 3. Bb5 a6 4. Ba4 Nf6 5. 0-0 Be7 6. Re1 b5 7. Bb3 d6 8. c3 0-0 9. h3 Nb8 10. d4 Nbd7 11. Nbd2 Bb7 12. Bc2 Re8 13. Nf1 Bf8 14. Ng3 g6 15. a4 c5 16. d5 c4 17. Bg5 Be7 18. Qd2 Nc5 19. Ra3 Nfd7 20. h4 Nb6 21. axb5 axb5 22. Rxa8 Bxa8 23. Nh2 h5 24. Rf1 Bxg5 25. hxg5 Nbd7 26. Nf3 Bb7 27. Nh4 Bc8 28. Ra1 Bb7 29. Rf1 Qc7 30. f4 exf4 31. Qxf4 Ne5 32. Nhf5 gxf5 33. Nxh5 Ra8 34. exf5 Ncd3 35. Bxd3 cxd3 36. g6 Qc5+ 37. Kh1 fxg6 38. fxg6 Qc7 39. Nf6+ Kg7 40. Qh4 Rh8 41. Ne8+ Kg8 42. Qxh8+ Kxh8 43. Rf8# 1-0

[Event "Granby op"]
[Site "Granby"]
[Date "2017.11.26"]
[Round "4"]
[White "Zheng, Richard"]
[Black "Masse, Hugues"]
[Result "0-1"]
[WhiteElo "2080"]
[BlackElo "2250"]
[PlyCount "110"]
[EventDate "2017.11.24"]
[EventType "swiss"]
[EventRounds "5"]
[EventCountry "CAN"]
[SourceTitle "EXT 2022"]
[Source "ChessBase"]
[SourceDate "2021.10.06"]
[SourceVersion "1"]
[SourceVersionDate "2021.10.06"]
[SourceQuality "1"]

1. d4 Nf6 2. c4 e6 3. Nc3 Bb4 4. Qc2 0-0 5. Bg5 b6 6. e4 h6 7. Bh4 Bb7 8. f3 g5 9. Bf2 c5 10. d5 d6 11. 0-0-0 exd5 12. exd5 Nbd7 13. h4 g4 14. h5 Bxc3 15. bxc3 b5 16. Be3 Kg7 17. Qd2 Rh8 18. Bxh6+ Rxh6 19. Qg5+ Kh8 20. Qxh6+ Nh7 21. Bd3 Ndf8 22. fxg4 Qa5 23. Qd2 bxc4 24. Bxc4 Rb8 25. Kc2 Ba6 26. Bxa6 Qxa6 27. Ra1 Qa4+ 28. Kc1 Nf6 29. Ne2 Ne4 30. Qe3 Nh7 31. Rf1 Nhg5 32. Qd3 Qa3+ 33. Kd1 Rb2 34. Ke1 Rd2 35. Qxd2 Nxd2 36. Kxd2 Qb2+ 37. Ke3 Ne4 38. Kxe4 Qxe2+ 39. Kf4 Qe5+ 40. Kf3 Qxc3+ 41. Kf2 c4 42. Kg1 Qd4+ 43. Kh2 Qxg4 44. Rf3 Qh4+ 45. Rh3 Qf4+ 46. Rg3 c3 47. Kh3 c2 48. Rc3 Kh7 49. Rh1 Qd2 50. Rc7 Qxd5 51. Re1 Qxh5+ 52. Kg3 Kg7 53. Kf2 Qd5 54. Kf1 a5 55. g4 Qf3+ 0-1

[Event "Biel MTO op 50th"]
[Site "Biel"]
[Date "2017.07.24"]
[Round "1"]
[White "Masse, Hugues"]
[Black "Rambaldi, Francesco"]
[Result "0-1"]
[WhiteElo "2147"]
[BlackElo "2568"]
[PlyCount "90"]
[EventDate "2017.07.24"]
[EventType "swiss"]
[EventRounds "9"]
[EventCountry "SUI"]
[SourceTitle "CBM 179 Extra"]
[Source "ChessBase"]
[SourceDate "2017.08.23"]
[SourceVersion "1"]
[SourceVersionDate "2017.08.23"]
[SourceQuality "1"]

1. Nf3 d5 2. d4 Nf6 3. c4 e6 4. g3 Bb4+ 5. Bd2 Be7 6. Bg2 0-0 7. 0-0 Nbd7 8. Qc2 c6 9. Bf4 b6 10. Rd1 Bb7 11. Nc3 dxc4 12. Nd2 Nd5 13. Nxc4 Nxf4 14. gxf4 Nf6 15. Ne5 Nd5 16. e3 Rc8 17. Nxd5 cxd5 18. Qd2 Bd6 19. Rac1 Rxc1 20. Rxc1 g5 21. fxg5 Qxg5 22. f4 Qh6 23. Kh1 f6 24. Nf3 Kf7 25. Qf2 Ke7 26. Qh4 Qxh4 27. Nxh4 Rg8 28. Nf3 a5 29. Kg1 Ba6 30. Rc3 Bc4 31. b3 Bb4 32. Rc1 Bd3 33. Kf2 Kd7 34. Bf1 Bxf1 35. Kxf1 a4 36. bxa4 Ra8 37. Rc2 Rxa4 38. Ke2 Ra8 39. Rb2 Ba5 40. Rc2 Bb4 41. Rb2 Ra4 42. Rc2 Bd6 43. Kd3 Ra8 44. Ke2 Ra3 45. Kd2 Bxf4 0-1